Statistics for 2023-2024 Kansas City Chiefs Super Bowl Roster

Click here to take the quiz!

General Stats

  • This quiz has been taken 104 times
  • The average score is 28 of 45

Answer Stats

Position#Player% Correct
QB15Patrick Mahomes
100%
TE87Travis Kelce
97%
RB10Isiah Pacheco
96%
Defensive Lineman95Chris Jones
87%
WR11Marquez Valdes-Scantling
86%
WR19Kadarius Toney
85%
RB25Clyde Edwards-Helaire
83%
Offensive Lineman52Creed Humphrey
83%
K7Harrison Butker
83%
RB1Jerick McKinnon
80%
WR12Mecole Hardman
80%
TE83Noah Gray
80%
WR9Rashee Rice
79%
Defensive Back38L'Jarius Sneed
77%
Offensive Lineman65Trey Smith
77%
WR84Justin Watson
76%
P5Tommy Townsend
76%
Defensive Back35Jaylen Watson
75%
WR24Skyy Moore
75%
Defensive Back22Trent McDuffie
75%
Offensive Lineman79Donovan Smith
72%
Linebacker50Willie Gay Jr
72%
Linebacker32Nick Bolton
65%
Offensive Lineman62Joe Thuney
63%
Defensive Back21Mike Edwards
63%
TE81Blake Bell
62%
Defensive Lineman56George Karlaftis III
62%
Offensive Lineman74Jaawan Taylor
61%
Linebacker23Drue Tranquill
54%
Defensive Back20Justin Reid
54%
Linebacker54Leo Chenal
52%
Defensive Lineman90Charles Omenihu
51%
Defensive Lineman51Mike Danna
45%
Offensive Lineman73Nick Allegretti
44%
Defensive Back6Bryan Cook
42%
Defensive Back2Joshua Williams
41%
Defensive Lineman97Felix Anudike-Uzomah
39%
Defensive Lineman91Derrick Nnadi
37%
Defensive Back27Chamarri Conner
31%
Defensive Back26Deon Bush
27%
Linebacker47Darius Harris
25%
Linebacker43Jack Cochrane
25%
Defensive Back41James Winchester
25%
Offensive Lineman77Lucas Niang
20%
Offensive Lineman70Prince Tega Wanogho
14%

Score Distribution

Percentile by Number Answered

Percent of People with Each Score

Your Score History

You have not taken this quiz